000 00729nam a2200253Ia 4500
003 OSt
005 20220923212013.0
006 a|||||r|||| 00| 0
007 ta
008 220922b |||||||| |||| 00| 0 hin d
024 _a149,716
037 _cTextual
040 _aARTS
_cARTS
_bhin
041 _2hin
_ahin
082 _aw,1, 152K8
100 _aविराज
245 0 _aआर्दश विभूतियां
246 _aĀrdash vibhūtiyāan
260 _aदिल्ली
_b ज्ञान भारती
_c1968
300 _a142p.
_ccm.
650 _aहिन्दी साहित्य
_9156264
942 _hw,1, 152K8
_cTEXL
_2CC
999 _c305396
_d305396